| 000 | 01418cam a22003737a 4500 | ||
|---|---|---|---|
| 001 | 14676520 | ||
| 003 | OSt | ||
| 005 | 20240620145229.0 | ||
| 008 | 061220s2006 enka b 001 0 eng d | ||
| 010 | _a 2006299919 | ||
| 015 |
_aGBA582190 _2bnb |
||
| 016 | 7 |
_a013301617 _2Uk |
|
| 020 | _a0521801052 (hbk.) | ||
| 024 | 3 | _c9780521801058 (hbk.) | |
| 035 | _a(OCoLC)ocm61757070 | ||
| 035 | _a(OCoLC)61757070 | ||
| 040 |
_aMUST LIB _cMUST _dMUST |
||
| 042 | _alccopycat | ||
| 050 | 0 | 0 |
_aQB806 _b.B35 2006 |
| 082 | 0 | 4 |
_a523.8 _222 _bBAL |
| 100 | 1 |
_aBally, John. _917536 |
|
| 245 | 1 | 4 |
_aThe birth of stars and planets / _cJohn Bally, Bo Reipurth. |
| 260 |
_aCambridge, UK ; _aNew York : _bCambridge University Press, _c2006. |
||
| 300 |
_ax, 295 p. : _bcol. ill. ; _c29 cm. |
||
| 504 | _aIncludes bibliographical references and index. | ||
| 650 | 0 |
_aStars _xFormation. _917537 |
|
| 700 | 1 |
_aReipurth, Bo. _917538 |
|
| 856 | 4 | 2 |
_3Publisher description _uhttp://www.loc.gov/catdir/enhancements/fy0617/2006299919-d.html |
| 856 | 4 | 1 |
_3Table of contents only _uhttp://www.loc.gov/catdir/enhancements/fy0617/2006299919-t.html |
| 856 | 4 | 2 |
_3Contributor biographical information _uhttp://www.loc.gov/catdir/enhancements/fy0732/2006299919-b.html |
| 906 |
_a7 _bcbc _ccopycat _d2 _encip _f20 _gy-gencatlg |
||
| 942 |
_2ddc _cO_SHELF |
||
| 999 |
_c8672 _d8672 |
||